000 00675nam a2200265Ia 4500
003 OSt
005 20221005072903.0
006 a|||||r|||| 00| 0
007 ta
008 221004b |||||||| |||| 00| 0 tam d
020 _c50
024 _a13390
037 _cTextual
040 _aCRL
_cCRL
_btam
041 _2tam
_atam
082 _aR3C57w, 168P5
100 _aShahid Mukhtar Au.
_9607572
245 0 _aAflatoon
260 _aNew Delhi
_bFarid book depot India
_c2005
300 _a160p.
_ccm.
650 _a PHILOSOPHY
650 _aMETAPHYSICS
942 _hR3C57w, 168P5
_cTEXL
_2cc
999 _c980215
_d980215